| Tag |
First Indicator |
Second Indicator |
Subfields |
| LEADER |
00000cam a2200000 a 4500 |
| 001 |
in00000033180 |
| 005 |
20151007055139.0 |
| 008 |
870723s1987 enka b 10000 eng |
| 010 |
|
|
|a 87021129
|
| 020 |
|
|
|a 0860108627
|
| 035 |
|
|
|a (OCoLC)16405560
|
| 035 |
|
|
|9 AAB7399AM
|
| 040 |
|
|
|a DLC
|c DLC
|d TXA
|d UtOrBLW
|
| 049 |
|
|
|a TXAM
|c [A11088880]
|
| 050 |
0 |
0 |
|a GC206
|b .M63 1987
|
| 082 |
0 |
|
|a 551.47/022/0724
|2 19
|
| 245 |
0 |
0 |
|a Modelling the offshore environment :
|b proceedings of an international conference (Modelling the offshore environment) organized by the Society for Underwater Technology and held in London, UK, 1-2 April 1987.
|
| 264 |
|
1 |
|a London, UK ;
|a Norwell, MA, USA :
|b Graham & Trotman,
|c 1987.
|
| 300 |
|
|
|a 352 pages :
|b illustrations ;
|c 24 cm.
|
| 336 |
|
|
|a text
|b txt
|2 rdacontent
|
| 337 |
|
|
|a unmediated
|b n
|2 rdamedia
|
| 338 |
|
|
|a volume
|b nc
|2 rdacarrier
|
| 490 |
1 |
|
|a Advances in underwater technology, ocean science and offshore engineering ;
|v v. 12
|
| 504 |
|
|
|a Includes bibliographies.
|
| 650 |
|
0 |
|a Ocean waves
|x Mathematical models
|x Congresses.
|
| 650 |
|
0 |
|a Ocean currents
|x Mathematical models
|x Congresses.
|
| 650 |
|
0 |
|a Tides
|x Mathematical models
|x Congresses.
|
| 650 |
|
0 |
|a Offshore structures
|x Dynamics
|x Mathematical models
|x Congresses.
|
| 710 |
2 |
|
|a Society for Underwater Technology.
|
| 830 |
|
0 |
|a Advances in underwater technology, ocean science, and offshore engineering ;
|v v. 12.
|
| 999 |
|
|
|a MARS
|
| 999 |
f |
f |
|s 0fbc21ea-463c-3782-81f1-534d82c94016
|i 054529e8-38a1-33d0-987b-02c5061c450e
|t 0
|
| 952 |
f |
f |
|p ric
|a Texas A&M University
|b Rellis Campus
|c Joint Library Facility
|d Remote Storage
|t 0
|e GC206 .M63 1987
|h Library of Congress classification
|i unmediated -- volume
|m A14811088880
|
| 998 |
f |
f |
|a GC206 .M63 1987
|t 0
|l Remote Storage
|